000 00236nam a2200097Ia 4500
001 679765
005 20250826161328.0
008 250824s9999 xx 000 0 und d
245 0 _aBAĞLANTI
_cM.T.ANDERSON
260 _bGÜNIŞIĞI YAYINLARI
999 _c679765
_d679765